Восторгов Иоанн, протоиерей

Доступно только в Электронных читальных залах Найти на картеНа карте
RUSMARC
00003998nac2a22002891x 450
001e8a34ceb-c012-4a64-8363-62470c511245
00520131118125054.0
100##$a20130717l19061908k y0rusy50 ca
1010#$arus
102##$aRU
105##$ay z |||||
2001#$aВосторгов Иоанн, протоиерей
$j26 октября 1906 - 28 ноября 1908
215##$a26 листов
251##$cДело
300##$aЗаголовок дела на папке: Письма Восторгова Иоанна, протоиерея, Никольскому Б. Вл.
300##$a11 писем
300##$aВ деле имеется газета
300##$aРукописный и машинописный текст
330##$aА. Переписка; 1. Письма к Б. В. Никольскому
461#0$10011c5950b4-9b17-43ad-92f1-e565a07ae223
$12001
$aНикольский Борис Владимирович, историк права, профессор Юрьевского и Петербургского университетов, один из руководителей главного совета "Русского собрания", поэт, критик
$1251
$cФонд
$1852
$j588
462#0$1001855f2cb0-80f8-42f6-88fa-41bf4837b2b7
$12001
$aНикольский Борис Владимирович. 1837-1919 гг.
$1251
$cОпись
$1852
$j1
517##$aПисьма Восторгова Иоанна, протоиерея, Никольскому Б. Вл.
600#1$aНикольский
$bБ. В.
$gБорис Владимирович
600#1$aВосторгов
$bИ. И.
$cпротоиерей
$gИоанн Иоаннович
801#0$aRU
$bGA_RF
801#1$aRU
$bНПО Опыт
$c20130717
$2rusmarc
801#2$aRU
$bПБ им. Б.Н. Ельцина
$c20131118
$gRCR
$2rusmarc
852##$aГА РФ
$j155
937##$d41737855
$hПБ
035##$aRuPRLIB51008604
Формат отображения